[Event "ARG-ch sf 99th"]
[Site "Buenos Aires"]
[Date "2024.06.04"]
[Round "4"]
[White "Nunez, Benjamin"]
[Black "Charaf, Leonardo"]
[Result "1-0"]
[WhiteElo "1890"]
[BlackElo "2093"]
[PlyCount "69"]
[EventDate "2024.06.01"]
[EventType "swiss"]
[EventRounds "9"]
[EventCountry "ARG"]
[SourceTitle "CBM 220 Extra"]
[Source "ChessBase"]
[SourceDate "2024.07.31"]
[SourceVersion "1"]
[SourceVersionDate "2024.07.31"]
[SourceQuality "1"]

1. e4 c5 2. Nf3 e6 3. d3 d5 4. Nbd2 g6 5. g3 Bg7 6. Bg2 Nc6 7. 0-0 Nge7 8. Re1 0-0 9. c3 b5 10. exd5 exd5 11. Nb3 Qb6 12. Be3 d4 13. cxd4 cxd4 14. Nfxd4 Nxd4 15. Bxa8 Nef5 16. Bg2 Be6 17. Nxd4 Nxd4 18. b3 Rd8 19. Rc1 Qd6 20. Bf4 Qa3 21. Qd2 Bf5 22. Bg5 f6 23. Be3 Bf8 24. Bxd4 Rxd4 25. Qc3 Qd6 26. Be4 Bd7 27. Qc7 Qxc7 28. Rxc7 a5 29. Bc6 Bxc6 30. Rxc6 Kg7 31. Rc7+ Kh6 32. Re8 Bb4 33. Rh8 Kg5 34. Rhxh7 Rxd3 35. Rhd7 1-0

[Event "La Cumbre Rusnak Memorial op"]
[Site "La Cumbre"]
[Date "2019.09.14"]
[Round "2.12"]
[White "Marquez, Juan Carlos"]
[Black "Nunez, Benjamin"]
[Result "1-0"]
[WhiteElo "1694"]
[BlackElo "1883"]
[PlyCount "99"]
[EventDate "2019.09.13"]
[EventType "swiss"]
[EventRounds "6"]
[EventCountry "ARG"]
[SourceTitle "EXT 2024"]
[Source "ChessBase"]
[SourceDate "2023.10.10"]
[SourceVersion "1"]
[SourceVersionDate "2023.10.10"]
[SourceQuality "1"]

1. d4 Nf6 2. Nf3 g6 3. Bf4 Bg7 4. h3 c5 5. c3 cxd4 6. cxd4 Nd5 7. Bh2 0-0 8. Qd2 Nf6 9. Nc3 d6 10. e4 d5 11. exd5 Nxd5 12. Bc4 Be6 13. 0-0 h6 14. Ne4 Nd7 15. Rac1 Rc8 16. Bb3 Qb6 17. Rfd1 Rfd8 18. Rxc8 Rxc8 19. Ne5 Rd8 20. Nc4 Qb5 21. Qa5 Qxa5 22. Nxa5 Rc8 23. Nxb7 N7b6 24. Nec5 Rc6 25. Nd8 Rc8 26. Ndxe6 fxe6 27. Nxe6 Bf6 28. Nc7 Rd8 29. a4 a5 30. Ne6 Rd7 31. Nf4 Kf7 32. Nxd5 Nxd5 33. Be5 e6 34. Rc1 Bxe5 35. dxe5 Rc7 36. Rxc7+ Nxc7 37. Kf1 Na6 38. Ke2 Nc5 39. Bc2 g5 40. Ke3 Ke7 41. Kd4 Na6 42. Kc4 Nc7 43. Be4 Kd7 44. Kc5 h5 45. Kb6 Nd5+ 46. Kxa5 Kc6 47. b4 h4 48. Ka6 Kc7 49. Bxd5 exd5 50. Kb5 1-0

[Event "Monteros U2300 op"]
[Site "Monteros"]
[Date "2019.05.26"]
[Round "4"]
[White "Stefani, Santiago"]
[Black "Nunez, Benjamin"]
[Result "1/2-1/2"]
[WhiteElo "1651"]
[BlackElo "1885"]
[PlyCount "66"]
[EventDate "2019.05.25"]
[EventType "swiss"]
[EventRounds "6"]
[EventCountry "ARG"]
[SourceTitle "CBM 190 Extra"]
[Source "ChessBase"]
[SourceDate "2019.07.15"]
[SourceVersion "1"]
[SourceVersionDate "2019.07.15"]
[SourceQuality "1"]

1. c4 Nf6 2. Nc3 e5 3. e4 Bc5 4. d3 d6 5. h3 Nbd7 6. Be2 Nf8 7. Nf3 Ne6 8. a3 a5 9. Bd2 Bd7 10. Na4 Ba7 11. 0-0 0-0 12. Kh2 h6 13. Nc3 a4 14. g3 Qc8 15. g4 Nc5 16. Nh4 c6 17. Nf5 Qc7 18. g5 hxg5 19. Bxg5 Bxf5 20. exf5 Nh7 21. Bh4 g5 22. Bg3 f6 23. Bh5 Kg7 24. Qe2 Rh8 25. Kg2 Nf8 26. Bg4 Nfd7 27. Rad1 Bb6 28. Rh1 Nb3 29. h4 Nd4 30. Qd2 Nb3 31. Qe2 Nd4 32. Qd2 Nb3 33. Qe2 Nd4 1/2-1/2

[Event "ARG-ch U2000"]
[Site "Tacuari"]
[Date "2018.11.17"]
[Round "2"]
[White "Garcia Gorostegui, Ezequiel"]
[Black "Nunez, Benjamin"]
[Result "1-0"]
[WhiteElo "1949"]
[BlackElo "1849"]
[PlyCount "89"]
[EventDate "2018.11.16"]
[EventType "swiss"]
[EventRounds "8"]
[EventCountry "ARG"]
[SourceTitle "EXT 2020"]
[Source "ChessBase"]
[SourceDate "2019.10.17"]
[SourceVersion "1"]
[SourceVersionDate "2019.10.17"]
[SourceQuality "1"]

1. d4 Nf6 2. c4 g6 3. Nc3 d5 4. Nf3 Bg7 5. cxd5 Nxd5 6. e4 Nxc3 7. bxc3 c5 8. Be3 0-0 9. Rc1 b6 10. Be2 Bb7 11. d5 Qc7 12. c4 Nd7 13. 0-0 Rfd8 14. Qb3 Nf6 15. Qc2 Bc8 16. h3 e5 17. Nd2 Ne8 18. f4 Nd6 19. f5 f6 20. Bd3 Rf8 21. g4 Qe7 22. Rf2 Bd7 23. Rg2 g5 24. h4 h6 25. Nf3 Kf7 26. Qd2 Ke8 27. Ra1 Ba4 28. Qc3 Rh8 29. Qa3 Qd7 30. Rf1 Ke7 31. Qc1 Nf7 32. Bc2 Bxc2 33. Qxc2 Nd6 34. Rb1 Rhg8 35. Kf1 Qb7 36. Bxc5 Rgc8 37. Bxd6+ Kxd6 38. Qb3 Bf8 39. hxg5 hxg5 40. Rh2 Rc5 41. Qa3 Qf7 42. Rxb6+ Kc7 43. Ra6 Kc8 44. Rh8 Qg7 45. Qxc5+ 1-0

[Event "Monteros op 7th"]
[Site "Monteros"]
[Date "2017.08.19"]
[Round "2"]
[White "Suarez, Mauricio Josue"]
[Black "Nunez, Benjamin"]
[Result "1/2-1/2"]
[WhiteElo "2069"]
[BlackElo "1846"]
[PlyCount "57"]
[EventDate "2017.08.19"]
[EventType "swiss"]
[EventRounds "7"]
[EventCountry "ARG"]
[SourceTitle "EXT 2020"]
[Source "ChessBase"]
[SourceDate "2019.10.17"]
[SourceVersion "1"]
[SourceVersionDate "2019.10.17"]
[SourceQuality "1"]

1. c4 Nf6 2. Nc3 g6 3. g3 Bg7 4. Bg2 0-0 5. e3 e5 6. Nge2 Nc6 7. d3 d6 8. 0-0 Be6 9. Nd5 Bg4 10. h3 Bc8 11. Rb1 Nxd5 12. cxd5 Ne7 13. b4 Nf5 14. Qc2 Bd7 15. b5 Ne7 16. Bd2 c5 17. dxc6 bxc6 18. bxc6 Bxc6 19. Bxc6 Rc8 20. Qa4 Nxc6 21. Rfc1 Ne7 22. Ba5 Rxc1+ 23. Rxc1 Qa8 24. Qd7 Qf3 25. Rc2 Nf5 26. e4 Ne3 27. fxe3 Bh6 28. Qxd6 Bxe3+ 29. Kh2 1/2-1/2

[Event "ARG-ch sf U2000"]
[Site "Monteros"]
[Date "2015.11.01"]
[Round "4.7"]
[White "Nunez, Benjamin"]
[Black "Moreira, Angel Roberto"]
[Result "1-0"]
[WhiteElo "1736"]
[BlackElo "1734"]
[PlyCount "86"]
[EventDate "2015.10.31"]
[EventType "swiss"]
[EventRounds "6"]
[EventCountry "ARG"]
[SourceTitle "EXT 2024"]
[Source "ChessBase"]
[SourceDate "2023.10.10"]
[SourceVersion "1"]
[SourceVersionDate "2023.10.10"]
[SourceQuality "1"]

1. e4 e5 2. f4 d6 3. Nf3 Nc6 4. Bc4 Be7 5. 0-0 Nf6 6. d3 0-0 7. Nc3 Bg4 8. h3 Bxf3 9. Qxf3 Na5 10. Bb3 Nxb3 11. axb3 a6 12. g4 Nd7 13. Be3 Bh4 14. Bf2 c6 15. Bg3 Bxg3 16. Qxg3 Qb6+ 17. Kg2 Rae8 18. g5 f6 19. h4 Qd8 20. Qg4 Qe7 21. Ne2 d5 22. Ng3 Kh8 23. Rfe1 Rd8 24. Kh3 Rg8 25. Rg1 Nc5 26. b4 Nd7 27. c3 d4 28. Nh5 dxc3 29. bxc3 c5 30. Rg3 cxb4 31. cxb4 Qxb4 32. Rag1 Qe7 33. Qe2 Nc5 34. Qa2 Nd7 35. gxf6 Nxf6 36. Rxg7 Rxd3+ 37. Kh2 Qd8 38. Qf7 Rd7 39. Rxg8+ Nxg8 40. Rxg8+ Qxg8 41. Qxg8+ Kxg8 42. Nf6+ Kf7 43. Nxd7 a5 1-0